000 00630nam a2200181Ia 4500
008 090630s9999 xx 000 0 und d
082 _b22817
100 _aटिकेकर सुजाता भानू.
245 _aहा: हा: हा:.
_cटिकेकर सुजाता भानू.
260 _bसंयम - पुणे.
_c2002
300 _a64
600 _aटिकेकर सुजाता भानू.
630 _aहा: हा: हा:.
655 _aइतर.
700 _aटिकेकर सुजाता भानू.
730 _aहा: हा: हा:.
942 _cBOOK
999 _c274673
_d274673